| 000 | 00452nam a2200157Ia 4500 | ||
|---|---|---|---|
| 008 | 210716s2008 xx 000 0 und d | ||
| 020 | _a9788173199080 | ||
| 041 | _aeng | ||
| 082 | _a519.5 PURS | ||
| 100 | _aPurohit, Sudha G;Gore, Sharad D;Deshmukh, Shailaja R. | ||
| 245 | _aStatistics using r. | ||
| 250 | _a1 | ||
| 260 |
_aNew Delhi _bNarosa Publishing House _c2008 |
||
| 300 | _aviii,1.3-5.44,R2,I5 | ||
| 650 | _aStatistical Mathematics(519.5) | ||
| 999 |
_c188856 _d188856 |
||